00788 2200217 4500001002100000005001500021035002000036007000300056008004100059020001800100082001000118084001600128100001900144245006100163250001100224260003600235300002100271700001900292520024300311990001600554INLIS00000000000015520260526020210 a0010-0526000043ta260526 b 0 ind  a9786022428480 a028.5 a028.5 DAD p0 aDadan Ramadhan1 aPrinces Ghafira :bSenangnya Memaafkan /cDadan Ramadhan aCet. I aBandung :bMizan Pustaka,c2016 a20 hlm. :bIlus.0 aFerry Barryadi aPrinces Ghafira tumbuh menjadi gadis kecil lincah. suatu hari, princes ghafari tidak sengaja disenggol temannya. awalnya, princes tidak mau memaafkan temannya itu. seperti apa, ya kelanjutannya cerita princes ghafari? yuk, kita baca saja! a00000000183